| 000 | 00833nam1a22002411i 4500 | ||
|---|---|---|---|
| 001 | rc\2669268 | ||
| 005 | 20240726054127.0 | ||
| 035 | _a(NLR Aleph) 006975615 | ||
| 090 |
_a5483501 _c5483501 |
||
| 100 | _a20110621d1928 |||y0rusy50 ca | ||
| 101 | 0 | _arus | |
| 102 | _aRU | ||
| 105 | _ay z ||||| | ||
| 200 | 1 |
_aСборник алгебраических задач ... _eЧ. 1- _fН.А. Шапошников и Н.К. Вальцов |
|
| 205 | _a7-е изд. | ||
| 210 |
_aМосква _aЛенинград _cГос. изд-во _d1928 _eМосква _g1-я Образцовая тип. |
||
| 215 | _d23х16 см | ||
| 700 | 1 |
_aШапошников _bН.А. _gНиколай Александрович |
|
| 701 | 1 |
_aВальцов _bН.К. |
|
| 801 | 0 |
_aRU _bNLR _gpsbo |
|
| 801 | 1 |
_aRU _bELAR _2rusmarc |
|
| 852 |
_aNLR _j64/208 |
||
| 942 | _cBOOK | ||